[Event "Ricciardi op 19th"]
[Site "Gallarate"]
[Date "2015.06.16"]
[Round "5"]
[White "Vada, Riccardo"]
[Black "Musso, Roberto"]
[Result "1-0"]
[WhiteElo "1797"]
[BlackElo "1729"]
[PlyCount "69"]
[EventDate "2015.05.19"]
[EventType "swiss"]
[EventRounds "6"]
[EventCountry "ITA"]
[SourceTitle "EXT 2017"]
[Source "ChessBase"]
[SourceDate "2016.10.25"]
[SourceVersion "1"]
[SourceVersionDate "2016.10.25"]
[SourceQuality "1"]

1. e4 d5 2. e5 c5 3. Nf3 Nc6 4. Bb5 e6 5. 0-0 Nge7 6. c3 a6 7. Ba4 b5 8. Bc2 c4 9. d4 cxd3 10. Bxd3 Ng6 11. Re1 Bd7 12. Nbd2 Be7 13. Nb3 0-0 14. Nbd4 Qc7 15. Qe2 Na5 16. h4 Bxh4 17. Nxh4 Nxh4 18. Bxh7+ Kxh7 19. Qh5+ Kg8 20. Qxh4 Nc4 21. Nf3 f6 22. b3 Nxe5 23. Rxe5 Qxc3 24. Re1 Qxa1 25. Ba3 Qxe1+ 26. Nxe1 Rf7 27. Nd3 Re8 28. Qd4 Bc8 29. Nc5 Rd8 30. f4 a5 31. Bb2 Rd6 32. a3 Re7 33. Ne4 e5 34. Qc5 Rde6 35. f5 1-0

[Event "Robecchetto Primavera op 12th"]
[Site "Robecchetto"]
[Date "2015.04.23"]
[Round "4"]
[White "Garcia Rubi, Juan"]
[Black "Vada, Riccardo"]
[Result "0-1"]
[WhiteElo "1422"]
[BlackElo "1797"]
[PlyCount "70"]
[EventDate "2015.04.02"]
[EventType "swiss"]
[EventRounds "7"]
[EventCountry "ITA"]
[SourceTitle "EXT 2017"]
[Source "ChessBase"]
[SourceDate "2016.10.25"]
[SourceVersion "1"]
[SourceVersionDate "2016.10.25"]
[SourceQuality "1"]

1. d4 d5 2. e3 Nf6 3. c4 e6 4. Nf3 Be7 5. Bd3 0-0 6. 0-0 b6 7. Qc2 Bb7 8. Nbd2 Nbd7 9. Ne5 c5 10. Ndf3 cxd4 11. Nxd7 Qxd7 12. Ne5 Qc7 13. exd4 dxc4 14. Qxc4 Qxc4 15. Bxc4 Rfd8 16. Be3 Nd5 17. Rad1 a6 18. a3 Rac8 19. Bb3 b5 20. Rd2 Rc7 21. Rc2 Rxc2 22. Bxc2 g6 23. Rd1 a5 24. Nd3 Rc8 25. Rd2 b4 26. a4 Ba6 27. Nc1 b3 28. Nxb3 Bb4 29. Nc5 Bxd2 30. Nxa6 Nxe3 31. Nc5 Nxc2 32. Nb3 Nxd4 33. Nxd2 Rc1+ 34. Nf1 Ne2+ 35. Kh1 Rxf1# 0-1

[Event "Robecchetto Autunn op 11th"]
[Site "Robecchetto"]
[Date "2014.11.20"]
[Round "7"]
[White "Vada, Riccardo"]
[Black "Serrao, Piergiorgio"]
[Result "1-0"]
[WhiteElo "1708"]
[BlackElo "1678"]
[PlyCount "53"]
[EventDate "2014.10.09"]
[EventType "swiss"]
[EventRounds "7"]
[EventCountry "ITA"]
[SourceTitle "EXT 2016"]
[Source "ChessBase"]
[SourceDate "2015.10.08"]
[SourceVersion "1"]
[SourceVersionDate "2015.10.08"]
[SourceQuality "1"]

1. e4 e6 2. d4 d5 3. Nd2 Nf6 4. Bd3 c5 5. c3 Nc6 6. e5 Nd7 7. Ne2 cxd4 8. cxd4 f6 9. Nf4 Qe7 10. exf6 Nxf6 11. 0-0 Qf7 12. Nf3 Bd6 13. Ng5 Qg8 14. Re1 Bxf4 15. Bxf4 g6 16. Be5 Nxe5 17. dxe5 Nd7 18. Rc1 h6 19. Nf3 Qg7 20. Rc7 0-0 21. Qc2 g5 22. Nd4 Qe7 23. Nb5 Qb4 24. Re3 a6 25. Nd6 Nxe5 26. Bh7+ Kh8 27. Bg8 1-0

[Event "Robecchetto Autunn op 11th"]
[Site "Robecchetto"]
[Date "2014.11.06"]
[Round "5"]
[White "Vada, Riccardo"]
[Black "Zanin, Fabio"]
[Result "0-1"]
[WhiteElo "1708"]
[BlackElo "1583"]
[PlyCount "38"]
[EventDate "2014.10.09"]
[EventType "swiss"]
[EventRounds "7"]
[EventCountry "ITA"]
[SourceTitle "EXT 2016"]
[Source "ChessBase"]
[SourceDate "2015.10.08"]
[SourceVersion "1"]
[SourceVersionDate "2015.10.08"]
[SourceQuality "1"]

1. e4 e5 2. f4 Bc5 3. Nf3 d6 4. c3 Qe7 5. d4 exd4 6. cxd4 Qxe4+ 7. Be2 Bb6 8. 0-0 Ne7 9. Bb5+ Nbc6 10. Re1 Qf5 11. Nc3 0-0 12. Kh1 Nd5 13. Bd3 Nxc3 14. bxc3 Qh5 15. Qc2 Bd7 16. Ng5 h6 17. Bh7+ Kh8 18. Bg8 hxg5 19. d5 Na5 0-1

[Event "Robecchetto Spring 11th A"]
[Site "Robecchetto"]
[Date "2014.04.17"]
[Round "2"]
[White "Vada, Riccardo"]
[Black "Ruggeri, Igor"]
[Result "1-0"]
[WhiteElo "1653"]
[BlackElo "1622"]
[PlyCount "97"]
[EventDate "2014.04.10"]
[EventType "swiss"]
[EventRounds "7"]
[EventCountry "ITA"]
[SourceTitle "EXT 2024"]
[Source "ChessBase"]
[SourceDate "2023.10.10"]
[SourceVersion "1"]
[SourceVersionDate "2023.10.10"]
[SourceQuality "1"]

1. e4 c5 2. c4 Nc6 3. Nc3 Nf6 4. g3 g6 5. Bg2 Bg7 6. Nge2 0-0 7. 0-0 a6 8. d3 d6 9. h3 Rb8 10. a4 Bd7 11. Be3 Na5 12. Rb1 b5 13. axb5 axb5 14. cxb5 Bxb5 15. Nxb5 Rxb5 16. Nc3 Rb4 17. Na2 Rb3 18. Bd2 Rxd3 19. Qc2 c4 20. Bxa5 Qxa5 21. Qxc4 Rd2 22. Nc1 Qc5 23. Qxc5 dxc5 24. Nb3 Rc2 25. Rfc1 Rxc1+ 26. Rxc1 Nd7 27. Rd1 Rb8 28. Na5 Nf8 29. Nc6 Rxb2 30. Nxe7+ Kh8 31. Rd8 Re2 32. Rc8 Re1+ 33. Kh2 h6 34. Rxc5 Bd4 35. Rc2 Kg7 36. Nc6 Ba1 37. f4 Ne6 38. h4 Nd4 39. Nxd4 Bxd4 40. e5 Bb6 41. Rc6 Bd4 42. Rc7 Re2 43. Kh3 Bg1 44. Bd5 Rh2+ 45. Kg4 h5+ 46. Kg5 Rh3 47. Rxf7+ Kg8 48. Kh6 Rxg3 49. Rf6+ 1-0

[Event "Robecchetto Spring op 10th"]
[Site "Robecchetto"]
[Date "2013.05.23"]
[Round "7"]
[White "Vada, Riccardo"]
[Black "Madaschi, Sergio"]
[Result "1-0"]
[WhiteElo "1512"]
[BlackElo "1497"]
[PlyCount "53"]
[EventDate "2013.04.04"]
[EventType "swiss"]
[EventRounds "7"]
[EventCountry "ITA"]
[SourceTitle "EXT 2024"]
[Source "ChessBase"]
[SourceDate "2023.10.10"]
[SourceVersion "1"]
[SourceVersionDate "2023.10.10"]
[SourceQuality "1"]

1. e4 c6 2. d4 d5 3. Nd2 dxe4 4. Nxe4 Bf5 5. Ng3 Bg6 6. Nf3 Nd7 7. Bc4 e6 8. 0-0 Bd6 9. Re1 Ngf6 10. c3 0-0 11. Bg5 h6 12. Bh4 Qc7 13. Qe2 Rfe8 14. Ne5 Bh7 15. f4 Nd5 16. Rf1 N7b6 17. Bb3 c5 18. Ne4 Bxe5 19. fxe5 cxd4 20. cxd4 Rec8 21. Nd6 a5 22. Rxf7 Qxf7 23. Nxf7 Kxf7 24. Qh5+ Bg6 25. Rf1+ Nf6 26. Qe2 Bh5 27. Qxh5+ 1-0

[Event "Robecchetto Spring op 9th"]
[Site "Robecchetto"]
[Date "2012.04.26"]
[Round "3"]
[White "Merlotti, Marco"]
[Black "Vada, Riccardo"]
[Result "1-0"]
[WhiteElo "1734"]
[BlackElo "1440"]
[PlyCount "73"]
[EventDate "2012.04.12"]
[EventType "swiss"]
[EventRounds "7"]
[EventCountry "ITA"]
[SourceTitle "EXT 2024"]
[Source "ChessBase"]
[SourceDate "2023.10.10"]
[SourceVersion "1"]
[SourceVersionDate "2023.10.10"]
[SourceQuality "1"]

1. d4 d5 2. c4 e6 3. Nc3 Nf6 4. cxd5 exd5 5. Bg5 Be7 6. Qc2 0-0 7. e3 c5 8. dxc5 Nc6 9. a3 Bxc5 10. Bxf6 Qxf6 11. Nxd5 Qg5 12. Qxc5 Be6 13. Ne7+ Qxe7 14. Qxe7 Nxe7 15. Nf3 Rac8 16. Nd4 Bd5 17. f3 Nc6 18. Nxc6 Rxc6 19. Bd3 Re8 20. Ke2 Rec8 21. Kd2 Bc4 22. Bxc4 Rxc4 23. Rac1 Rd8+ 24. Ke2 Ra4 25. Rhd1 Rf8 26. Rc7 b5 27. Rb7 a6 28. Rbd7 a5 29. R1d4 b4 30. axb4 Ra2 31. bxa5 Rxb2+ 32. Rd2 Rb5 33. a6 Ra5 34. a7 Re8 35. Rb2 Rc5 36. Rb8 Rcc8 37. Rxc8 1-0